000 01127nam a22002177a 4500
005 20240530110511.0
008 151102s2012 ua abo g b 000 0 ara d
040 _aEG-CaGPL
082 0 4 _221
_a327.11\
_bم ح
110 0 _aمركز الرؤيا للبحوث و الدراسات الاستراتيجية هشام ال قطيط
245 1 2 _aالحرب التى قسمت العالم :
_bكشف مخططات و مشاريع ( اللعبة الشيطانية ) الصهيواميركية بالوثائق و الارقام /
_cاعداد و توثيق مركز الرؤيا للبحوث و الدراسات الاستراتيجية هشام ال قطيط ؛ قدم له حسن يعقوب
260 _aالقاهرة :
_bمركز الرؤيا ؛
_c2012 .
300 _a392 ص :
_bصور ، خرائط ؛
_c20 سم .
504 _aيشتمل على ارجاعات ببليوجرافية
650 0 4 _aالمنازعات الدولية
650 0 4 _aالصهيونية
650 0 4 _aالفساد السياسى
650 0 4 _aاستغلال السلطة
942 _2ddc
_cBK
999 _c61676
_d61676